Royal Australian Institute of Architects (Record no. 120431)
[ view plain ]
| 000 -LEADER | |
|---|---|
| fixed length control field | 00987cam a2200241 4500 |
| 001 - CONTROL NUMBER | |
| control field | WS124648 |
| 008 - FIXED-LENGTH DATA ELEMENTS--GENERAL INFORMATION | |
| fixed length control field | 040329n 000 0 eng u |
| 035 ## - SYSTEM CONTROL NUMBER | |
| System control number | (Sirsi) u125648 |
| 110 ## - MAIN ENTRY--CORPORATE NAME | |
| Corporate name or jurisdiction name as entry element | Royal Australian Institute of Architects |
| 9 (RLIN) | 4612 |
| 245 ## - TITLE STATEMENT | |
| Title | Royal Australian Institute of Architects |
| 520 ## - SUMMARY, ETC. | |
| Summary, etc. | Web site for this professional body for architects in Australia. Includes details of their awards, recent news, advisory notes, the BDP Environmental Design Guide, list of members, salary information and recruitment pages. Also includes a guide to which RAIA contract to use. |
| 650 ## - SUBJECT ADDED ENTRY--TOPICAL TERM | |
| Topical term or geographic name entry element | ORGANISATION |
| 650 ## - SUBJECT ADDED ENTRY--TOPICAL TERM | |
| Topical term or geographic name entry element | ARCHITECTS |
| 650 ## - SUBJECT ADDED ENTRY--TOPICAL TERM | |
| Topical term or geographic name entry element | AUSTRALIA |
| 650 ## - SUBJECT ADDED ENTRY--TOPICAL TERM | |
| Topical term or geographic name entry element | BUILT ENVIRONMENT-BUILDING CONTRACT FORMS |
| 650 ## - SUBJECT ADDED ENTRY--TOPICAL TERM | |
| Topical term or geographic name entry element | AWARDS |
| 650 ## - SUBJECT ADDED ENTRY--TOPICAL TERM | |
| Topical term or geographic name entry element | ENVIRONMENTAL DESIGN |
| 650 ## - SUBJECT ADDED ENTRY--TOPICAL TERM | |
| Topical term or geographic name entry element | SALARIES |
| 650 ## - SUBJECT ADDED ENTRY--TOPICAL TERM | |
| Topical term or geographic name entry element | RECRUITMENT |
| 690 ## - LOCAL SUBJECT ADDED ENTRY--TOPICAL TERM (OCLC, RLIN) | |
| Topical term or geographic name as entry element | BUILT ENVIRONMENT |
| 856 40 - ELECTRONIC LOCATION AND ACCESS | |
| Uniform Resource Identifier | <a href="https://www.architecture.com.au">https://www.architecture.com.au</a> |
| Public note | View the website free of charge at www.architecture.com.au... |
| 942 ## - ADDED ENTRY ELEMENTS (KOHA) | |
| Suppress in OPAC | 0 |
| Withdrawn status | Lost status | Source of classification or shelving scheme | Damaged status | Not for loan | Home library | Current library | Shelving location | Date acquired | Total Checkouts | Full call number | Barcode | Date last seen | Copy number | Price effective from | Koha item type |
|---|---|---|---|---|---|---|---|---|---|---|---|---|---|---|---|
| Dewey Decimal Classification | Virtual | Virtual | Online | 29/03/2004 | WEB SITE | 125648-1001 | 06/08/2019 | 1 | 06/08/2019 | Online material |